| Tag |
First Indicator |
Second Indicator |
Subfields |
| LEADER |
00000cam a2200000 a 4500 |
| 001 |
in00000015408 |
| 005 |
20151007053044.0 |
| 008 |
870402s1987 nyua b 00100 eng d |
| 010 |
|
|
|a 87008999
|
| 020 |
|
|
|a 0202303330 :
|c $42.95
|
| 020 |
|
|
|a 0202303349 (pbk.) :
|c $21.95
|
| 035 |
|
|
|a (OCoLC)15550125
|
| 035 |
|
|
|9 AAB0237AM
|
| 040 |
|
|
|a DNLM/DLC
|c DLC
|d TXA
|d UtOrBLW
|
| 049 |
|
|
|a TXAM
|c [A11081244]
|
| 050 |
0 |
0 |
|a HV713
|b .C3818 1987
|
| 060 |
|
0 |
|a WA 320 C534014
|
| 082 |
0 |
|
|a 362.7/044
|2 19
|
| 245 |
0 |
0 |
|a Child abuse and neglect :
|b biosocial dimensions /
|c edited by Richard J. Gelles, Jane B. Lancaster ; sponsored by the Social Science Research Council.
|
| 264 |
|
1 |
|a New York :
|b Aldine De Gruyter,
|c [1987]
|
| 264 |
|
4 |
|c ©1987
|
| 300 |
|
|
|a x, 334 pages :
|b illustrations ;
|c 24 cm.
|
| 336 |
|
|
|a text
|b txt
|2 rdacontent
|
| 337 |
|
|
|a unmediated
|b n
|2 rdamedia
|
| 338 |
|
|
|a volume
|b nc
|2 rdacarrier
|
| 490 |
1 |
|
|a Foundations of human behavior
|
| 500 |
|
|
|a "... program of the Committee on Biosocial Perspectives on Parent Behaviour and Offspring Development..."--P. vii.
|
| 504 |
|
|
|a Includes bibliographies and index.
|
| 650 |
|
0 |
|a Child abuse.
|
| 650 |
|
0 |
|a Child abuse
|v Cross-cultural studies.
|
| 650 |
|
0 |
|a Parenting
|x Cross-cultural studies.
|
| 700 |
1 |
|
|a Gelles, Richard J.
|
| 700 |
1 |
|
|a Lancaster, Jane Beckman,
|d 1935-
|
| 710 |
2 |
|
|a Social Science Research Council (U.S.).
|b Committee on Biosocial Perspectives on Parent Behavior and Offspring Development.
|
| 830 |
|
0 |
|a Foundations of human behavior.
|
| 999 |
|
|
|a MARS
|
| 999 |
f |
f |
|s 69115558-802a-3e32-b8c1-66c41bff7386
|i 6828e034-cf73-3a95-8552-31f00a5523d9
|t 0
|
| 952 |
f |
f |
|p ric
|a Texas A&M University
|b Rellis Campus
|c Joint Library Facility
|d Remote Storage
|t 0
|e HV713 .C3818 1987
|h Library of Congress classification
|i unmediated -- volume
|m A14811081244
|
| 998 |
f |
f |
|a HV713 .C3818 1987
|t 0
|l Remote Storage
|